LEADER 01067nam--2200373---450- 001 990003274850203316 005 20090618114738.0 010 $a978-88-7402-329-5 035 $a000327485 035 $aUSA01000327485 035 $a(ALEPH)000327485USA01 035 $a000327485 100 $a20090618d--------km-y0itay50------ba 101 $aita 102 $aIT 105 $a||||||||001yy 200 1 $aNouvelle vague$eil cinema, la vita$fRenzo Gilodi 210 $aCantalupa$cEffata 215 $a351 p.$d21 cm 225 2 $a<> prospettive di Itinerari mediali$v14 410 0$12001$a<> prospettive di Itinerari mediali$v14 454 1$12001 461 1$1001-------$12001 606 0 $aCinema francese$z1950-1970$2BNCF 676 $a791.430944 700 1$aGILODI,$bRenzo$0604949 801 0$aIT$bsalbc$gISBD 912 $a990003274850203316 951 $aXIII.2. 2236$b752 L.G.$cXIII.2.$d00226619 959 $aBK 969 $aUMA 979 $aMARTUCCIEL$b90$c20090618$lUSA01$h1147 996 $aNouvelle vague$91118155 997 $aUNISA LEADER 01271nam--2200373---450 001 990005969590203316 005 20200721070026.0 010 $a978-88-7075-748-4 035 $a000596959 035 $aUSA01000596959 035 $a(ALEPH)000596959USA01 035 $a000596959 100 $a20141014d2013----km-y0itay50------ba 101 $aita 102 $aIT 105 $a||||||||001yy 200 1 $a<> spazio della biblioteca$eculture e pratiche del progetto tra architettura e biblioteconomia$fa cura di Maurizio Vivarelli$gcollaborazione di Raffaella Magnano$gprefazione di Giovanni Solimine$gpostfazione di Giovanni Di domenico 210 $aMilano$cBibliografica$d2013 215 $a532 p.$d25 cm 225 2 $aBibliografia e biblioteconomia$iSpirali 410 0$aBibliografia e biblioteconomiaSpirali$iSpirali 606 0 $aBiblioteche pubbliche$xProgettazione$2BNCF 676 $a727.824 702 1$aMAGNANO,$bRaffaella 702 1$aSOLIMINE,$bGiovanni 702 1$aDI DOMENICO,$bGiovanni 702 1$aVIVARELLI,$bMaurizio 801 0$aIT$bsalbc$gISBD 912 $a990005969590203316 951 $aI.2.B. 1009$b246648 L.M.$cI.2.B.$d357742 959 $aBK 969 $aUMA 996 $aSpazio della biblioteca$957728 997 $aUNISA